Hodnotový management - recept pro podniky.

Vznik a postupný rozvoj hodnotového manažmentu je druhou fázou vývoja hodnotovej analýzy. Korene hodnotového inžinierstva. Obsah hodnotového manažmentu (forma manažmentu inovácií zameraného na dosiahnutie konkurenčnej schopnosti vo všetkých oblastiach ekonomiky, vedy, správy a riadenia). Využitie ho...

Ausführliche Beschreibung

Gespeichert in:
Bibliographische Detailangaben
1. Verfasser: Vlček, Radim
Format: Buchkapitel
Sprache:Tschechisch
Schlagworte:
Tags: Tag hinzufügen
Keine Tags, Fügen Sie das erste Tag hinzu!

MARC

LEADER 00000naa a2200000 4500
001 r009275
005 20220831084458.7
041 0 |a cze 
044 |a [CS] 
245 1 0 |a Hodnotový management - recept pro podniky.  |c Radim Vlček 
520 |a Vznik a postupný rozvoj hodnotového manažmentu je druhou fázou vývoja hodnotovej analýzy. Korene hodnotového inžinierstva. Obsah hodnotového manažmentu (forma manažmentu inovácií zameraného na dosiahnutie konkurenčnej schopnosti vo všetkých oblastiach ekonomiky, vedy, správy a riadenia). Využitie hodnotového manažmentu. 
610 2 0 |a manažment 
610 2 0 |a manažment hodnotový 
610 2 0 |a analýza hodnotová 
610 2 0 |a riadenie podnikové 
610 2 0 |a inovácia 
610 2 0 |a konkurencieschopnosť 
610 2 0 |a inžinierstvo hodnotové 
100 1 |a Vlček, Radim